000
00301nam a2200133Ia 4500
008
191201s2010 xx 000 0 und d
100
_a
SINGH,B.D
245
0
_a
Labour Laws for Managers
250
_a
Rep
260
_a
N. Delhi
_b
Excel Books
_c
2010
300
_a
477
650
_a
MBA
942
_2
ddc
_c
BK
999
_c
4775
_d
4775